000 00744cam a2200277 a 4500
001 2897156
003 LC
005 20170227143847.0
008 871028s1988 nyu j 000 1 eng
010 _a 87045567
020 _a9780064470148
040 _aDLC
_cDLC
_dDLC
042 _alcac
050 0 0 _aPZ 7
_b.C21472 1990
082 0 0 _aFIC
_bC19s 1988
100 1 _aCarkeet, David.
_921786
245 1 4 _aThe silent treatment
_cDavid Carkeet.
250 _a1st ed.
260 _aNew York :
_bHarper & Row,
_c1990.
300 _a280 p. :
_c18 cm.
650 1 _aFriendship
_xFiction.
_921787
650 1 _aParent and child
_xFiction.
_921788
906 _a7
_bcbc
_corignew
_d1
_eocip
_f19
_gy-gencatlg
942 _2lcc
_cBK
999 _c12153
_d12153